Annual reports on the national life for fiscal 1985
Kaydedildi:
| Materyal Türü: | Kitap |
|---|---|
| Dil: | Undetermined |
| Baskı/Yayın Bilgisi: |
Tokyo
Economic Planning Agency, Japanese Government
1985
|
| Konular: | |
| Etiketler: |
Etiketle
Etiket eklenmemiş, İlk siz ekleyin!
|
| Thư viện lưu trữ: | Trung tâm Học liệu Trường Đại học Cần Thơ |
|---|
| LEADER | 00537nam a2200169Ia 4500 | ||
|---|---|---|---|
| 001 | CTU_111306 | ||
| 008 | 210402s9999 xx 000 0 und d | ||
| 082 | |a 330.952005 | ||
| 082 | |b A615/1985 | ||
| 245 | 0 | |a Annual reports on the national life for fiscal 1985 | |
| 260 | |a Tokyo | ||
| 260 | |b Economic Planning Agency, Japanese Government | ||
| 260 | |c 1985 | ||
| 650 | |a Economic indicators,Social indicators,Quality of life | ||
| 650 | |z Japan,Japan,Japan | ||
| 904 | |i Năm | ||
| 980 | |a Trung tâm Học liệu Trường Đại học Cần Thơ | ||